Síntesis de derecho agrario (Record no. 151617)

MARC details
000 -LEADER
fixed length control field 00486nam a22001697a 4500
005 - DATE AND TIME OF LATEST TRANSACTION
control field 20211124135211.0
008 - FIXED-LENGTH DATA ELEMENTS--GENERAL INFORMATION
fixed length control field 190927b cr ||||| |||| 00| 0 spa d
020 ## - INTERNATIONAL STANDARD BOOK NUMBER
International Standard Book Number 9977978905
050 05 - LIBRARY OF CONGRESS CALL NUMBER
Classification number KGB3789
Item number M37 1993
100 1# - MAIN ENTRY--PERSONAL NAME
Personal name Massart, Alfredo
Relator term autor
245 10 - TITLE STATEMENT
Title Síntesis de derecho agrario
Statement of responsibility, etc / Alfredo Massart.
250 ## - EDITION STATEMENT
Edition statement 2a ed.
260 ## - PUBLICATION, DISTRIBUTION, ETC. (IMPRINT)
Place of publication, distribution, etc San José :
Name of publisher, distributor, etc Sapiencia,
Date of publication, distribution, etc 1993
300 ## - PHYSICAL DESCRIPTION
Extent xi, 193 p. :
Dimensions 21 cm.
650 #7 - SUBJECT ADDED ENTRY--TOPICAL TERM
Source of heading or term lemb
Topical term or geographic name as entry element Derecho agrario
Geographic subdivision Costa Rica
942 ## - ADDED ENTRY ELEMENTS (KOHA)
Source of classification or shelving scheme Biblioteca del Cogreso de los Estados Unidos
Koha item type Libro
Holdings
Estado de pérdida Fuente de clasificación Estado del daño No para préstamo Ubicación permanente Ubicación actual Apartado o colección Fecha de adquisición Edición Dependencia de educación superior (DES) Área del conocimiento Clasificación Código de Barras Date last seen Número de copia Costo por reposición Tipo de recurso
  Biblioteca del Cogreso de los Estados Unidos     Biblioteca de la Facultad de Derecho y Ciencias Sociales "Felipe J. Tena" Biblioteca de la Facultad de Derecho y Ciencias Sociales "Felipe J. Tena" General 27/09/2019 2a ed. Derecho Ciencias Sociales y Administrativas KGB3789 M37 1993 BFD000011764 27/09/2019 1 1.00 Libro